Curiosités de la langue française - Statistiques

Statistiques générales
  • Ce quiz a été pris 104 fois
  • Le résultat moyen est 4 sur 10
Statistiques - réponses
Hint Réponse % Correct
Quel est l'unique verbe qui termine par ER, mais qui n'est pas du premier groupe ? Aller
82%
Sur ton clavier, tu as une lettre qui n'est présente que dans un seul mot de la langue française. Quelle est cette lettre ? ù
73%
Quel est le seul mot où la réponse précédente apparaît ?
65%
Quel est l'animal dont le nom de sa maison est une anagramme de son espèce ? Chien
51%
Donne un mot qui est masculin au singulier et féminin au pluriel. Amour / Orgue / Délice
47%
Quel est l'unique mot masculin de la langue française qui finit par "ette" ? Squelette
22%
Quelle est l'anagramme de soigneur ? Guérison
15%
Quel est le plus long mot de la langue française dont on ne prononce aucune des lettres individuellement ? Oiseaux / Anchoix
13%
Quel est le plus long palindrome de la langue française ? Ressasser
12%
Quel est le plus long mot de la langue française qui ne contient aucune répétition de lettre ? Lycanthropiques
0%
Aucun quiz correspondant
Distribution des résultats
% des personnes avec chaque résultat
Percentile par nombre de réponses
Votre historique - résultats
Vous n’avez pas pris ce quiz